| 000 -LEADER |
| fixed length control field |
02564 a2200289 4500 |
| 003 - CONTROL NUMBER IDENTIFIER |
| control field |
OSt |
| 005 - DATE AND TIME OF LATEST TRANSACTION |
| control field |
20180116192323.0 |
| 008 - FIXED-LENGTH DATA ELEMENTS--GENERAL INFORMATION |
| fixed length control field |
120207t xxu||||| |||| 00| 0 eng d |
| 020 ## - INTERNATIONAL STANDARD BOOK NUMBER |
| International Standard Book Number |
074861379X (paperback) |
| 020 ## - INTERNATIONAL STANDARD BOOK NUMBER |
| International Standard Book Number |
9780748613793 (paperback) |
| 040 ## - CATALOGING SOURCE |
| Transcribing agency |
0 |
| 082 04 - DEWEY DECIMAL CLASSIFICATION NUMBER |
| Classification number |
720.917671 |
| 100 1# - MAIN ENTRY--PERSONAL NAME |
| Personal name |
Hillenbrand, Robert. |
| 245 10 - TITLE STATEMENT |
| Title |
Islamic architecture : |
| Remainder of title |
form, function and meaning / |
| Statement of responsibility, etc. |
Robert Hillenbrand. |
| 260 ## - PUBLICATION, DISTRIBUTION, ETC. |
| Place of publication, distribution, etc. |
Edinburgh: |
| Name of publisher, distributor, etc. |
Edinburgh University Press, |
| Date of publication, distribution, etc. |
1994 |
| 300 ## - PHYSICAL DESCRIPTION |
| Extent |
xiv, 664 p. ; |
| Dimensions |
25 cm. |
| 500 ## - GENERAL NOTE |
| General note |
Includes index. |
| 520 ## - SUMMARY, ETC. |
| Summary, etc. |
Winner of the American Publishers Association's Award for an outstanding Professional and Scholarly title and the Alice Davis Hitchcock Medallion 1996 from the Society of Architectural Historians of Great Britain. In a dazzling display of erudition, Robert Hillenbrand surveys the major building-types of the Islamic World: religious architecture (the mosque, the minaret, the madrasa), the mausoleum 'between Heaven and Earth', and the caravansarai and the palace representing the secular side. All the building-types are discussed in art-historical terms, with the interplay of form and function taken as the underlying theme of the analysis. All are comprehensively illustrated with a full range of colour and black-and-white photographs, analytical drawings, thumbnail comparative assemblies and ground plans. This major reference work, covering from Spain to Afghanistan and c. 700 to c. 1700, is a source of fascination for all seeking to appreciate the rich heritage of the Islamic World.Recurrent themes and patterns take on a wider significance - a persistent reminder that the Islamic faith and the particular type of society which it engendered makes light of vast gulfs of time and space. Features: *24 colour plates *300 black-and-white photographs *1246 line drawings *Section of composite drawings and ground plans Available in Hardback (originally published in 1994) and a revised paperback edition published in 2000. This new paperback edition includes a previously unpublished index, designed to make the book more user-friendly. |
| 650 ## - SUBJECT ADDED ENTRY--TOPICAL TERM |
| Topical term or geographic name entry element |
Architecture, Islamic. |
| 650 ## - SUBJECT ADDED ENTRY--TOPICAL TERM |
| Topical term or geographic name entry element |
Symbolism in architecture |
| 650 ## - SUBJECT ADDED ENTRY--TOPICAL TERM |
| Topical term or geographic name entry element |
Islamic architecture |
| Geographic subdivision |
Islamic countries |
| 651 ## - SUBJECT ADDED ENTRY--GEOGRAPHIC NAME |
| Geographic name |
Islamic countries |
| 856 40 - ELECTRONIC LOCATION AND ACCESS |
| Materials specified |
Amazon.com |
| Uniform Resource Identifier |
<a href="http://www.amazon.com/exec/obidos/ASIN/074861379X/chopaconline-20">http://www.amazon.com/exec/obidos/ASIN/074861379X/chopaconline-20</a> |
| 942 ## - ADDED ENTRY ELEMENTS (KOHA) |
| Institution code [OBSOLETE] |
SADA |
| Koha item type |
Book |
| Call number prefix |
720.917671 HIL 1994 |
| Source of classification or shelving scheme |
|